| 000 | 00399nam a2200181Ia 4500 | ||
|---|---|---|---|
| 005 | 20250423101305.0 | ||
| 008 | 250422s9999 xx 000 0 und d | ||
| 020 | _a978-1-85326-242-5 | ||
| 050 | _aPA 4025 .A2 C5/ | ||
| 100 | _aHomer | ||
| 245 | 4 | _aThe Iliad | |
| 260 | _aLondon | ||
| 260 | _bWordsworth Classics | ||
| 260 | _c2003 | ||
| 300 | _a425 p | ||
| 650 | _aLiterature | ||
| 942 | _cBK | ||
| 999 |
_c35869 _d35869 |
||